000 00470 a2200169 4500
999 _c29146
_d29146
003 NUST
005 20180118161537.0
008 180118b xxu||||| |||| 00| 0 eng d
020 _a8176494674
020 _a8176494674
082 0 4 _a531
100 1 _aFrench, A.P.
_98905
245 1 0 _aNewtonian mechanics /
_cA.P. French.
260 _a[S.l.] :
_bW. W. Norton & Company,
_c2003.
300 _a760 p. ;
_c24 cm.
490 1 _aThe M.I.T. introductory physics series.
830 4 _aThe M.I.T. introductory physics series.
_98906
942 _aSNS
_cBK
_k531 FRE
_2ddc